MAHATMA GANDHI KA SHIKSHA DARSHAN (Record no. 11700)

MARC details
000 -LEADER
fixed length control field 00320nam a22001457a 4500
003 - CONTROL NUMBER IDENTIFIER
control field SGT
082 ## - DEWEY DECIMAL CLASSIFICATION NUMBER
Classification number 370
Item number M14T
100 ## - MAIN ENTRY--PERSONAL NAME
Personal name TRIPATHI, MADHUSUDAN
245 ## - TITLE STATEMENT
Title MAHATMA GANDHI KA SHIKSHA DARSHAN
250 ## - EDITION STATEMENT
Edition statement 2ND
260 ## - PUBLICATION, DISTRIBUTION, ETC. (IMPRINT)
Place of publication, distribution, etc NEW DELHI
Name of publisher, distributor, etc OMEGA PUB
Year of Publication 2014
300 ## - PAGE DESCRIPTION
No. of Pages 214
650 ## - SUBJECT ADDED ENTRY--TOPICAL TERM
Topical term or geographic name as entry element EDUCATION
942 ## - ADDED ENTRY ELEMENTS (KOHA)
Source of classification or shelving scheme Dewey Decimal Classification
Koha item type Books
942 ## - ADDED ENTRY ELEMENTS (KOHA)
-- 3
Holdings
Withdrawn status Lost status Source of classification or shelving scheme Damaged status Not for loan Collection code Home library Current library Shelving location Date acquired Vendor Name Cost, normal purchase price SGTU Bill Number Full call number Accession No. (Barcode) Date last seen Bill Date Koha item type Total Checkouts Date last borrowed
    Dewey Decimal Classification     EDUCATION SGT Engineering Library SGT Engineering Library Text Book 09/06/2017 ABC PUB 180.00 SGTU 544 370 M14T ED201 09/06/2017 06/02/2016 Books    
    Dewey Decimal Classification     EDUCATION SGT Engineering Library SGT Engineering Library Text Book 09/06/2017 ABC PUB 180.00 SGTU 544 370 M14T ED202 09/06/2017 06/02/2016 Books    
    Dewey Decimal Classification     EDUCATION SGT Engineering Library SGT Engineering Library Text Book 09/06/2017 ABC PUB 180.00 SGTU 544 370 M14T ED203 21/10/2023 06/02/2016 Books 4 03/10/2023
    Dewey Decimal Classification     EDUCATION SGT Engineering Library SGT Engineering Library Text Book 09/06/2017 ABC PUB 180.00 SGTU 544 370 M14T ED204 09/06/2017 06/02/2016 Books    
    Dewey Decimal Classification     EDUCATION SGT Engineering Library SGT Engineering Library Text Book 09/06/2017 ABC PUB 180.00 SGTU 544 370 M14T ED205 09/06/2017 06/02/2016 Books